[Event "8th EUR-ch (w)"]
[Site "Dresden GER"]
[Date "2007.04.03"]
[Round "1"]
[White "Shukurova, Meihriban"]
[Black "Ovod, Evgenia"]
[Result "0-1"]
[WhiteElo "2193"]
[BlackElo "2384"]
[EventDate "2007.04.03"]
[PlyCount "96"]

1.e4 e5 2.Nf3 Nc6 3.Bb5 Bc5 4.c3 Nf6 5.Qe2 O-O 6.d3 d6 7.Bg5 h6 8.Bh4 Bb6 
9.h3 g5 10.Nxg5 hxg5 11.Bxg5 Kg7 12.Rf1 Qe8 13.f4 Nh7 14.Qh5 f6 15.Bh6+ 
Kh8 16.Qh4 Rg8 17.g4 exf4 18.Bxf4 d5 19.Nd2 Bd7 20.O-O-O Ne7 21.Bxd7 Qxd7 
22.Bh6 Ng6 23.Qh5 d4 24.c4 Ne5 25.Nf3 Rae8 26.g5 Qf7 27.Qh4 Nxd3+ 28.Kb1 
Qxc4 29.gxf6 Nb4 30.Bg7+ Rxg7 31.fxg7+ Kxg7 32.Rg1+ Kh8 33.Ng5 Qxa2+ 34.
Kc1 Qc4+ 35.Kb1 Qc2+ 36.Ka1 Qa4+ 37.Kb1 Qa2+ 38.Kc1 Qc4+ 39.Kb1 Re7 40.Qf4
Qc2+ 41.Ka1 Qa4+ 42.Kb1 Qa2+ 43.Kc1 Qa1+ 44.Kd2 Qxb2+ 45.Ke1 Nc2+ 46.Ke2 
d3+ 47.Kf3 Bxg1 48.Rxg1 Qf6 0-1

[Event "8th EUR-ch (w)"]
[Site "Dresden GER"]
[Date "2007.04.03"]
[Round "1"]
[White "Makka, Ioulia"]
[Black "Vasylevich, Tatiana"]
[Result "1/2-1/2"]
[WhiteElo "2185"]
[BlackElo "2383"]
[EventDate "2007.04.03"]
[PlyCount "64"]

1.e4 c5 2.Nf3 e6 3.d4 cxd4 4.Nxd4 a6 5.Bd3 Bc5 6.Nb3 Ba7 7.c4 d6 8.Nc3 Ne7
9.Qe2 Nbc6 10.Be3 O-O 11.O-O Ng6 12.Rad1 Qc7 13.Bxa7 Rxa7 14.Qe3 b6 15.Rd2
Qb8 16.Rfd1 Rd8 17.Be2 Rb7 18.Na4 b5 19.Nac5 Ra7 20.Nd4 Nxd4 21.Qxd4 e5 
22.Qe3 Nf4 23.cxb5 axb5 24.b4 Be6 25.Nxe6 Nxe6 26.Bxb5 Nd4 27.a4 Nxb5 28.
axb5 Rb7 29.Qc5 Rxb5 30.Rxd6 Rxd6 31.Qxd6 Qxd6 32.Rxd6 f6 1/2-1/2

[Event "8th EUR-ch (w)"]
[Site "Dresden GER"]
[Date "2007.04.03"]
[Round "1"]
[White "Kononenko, Tatiana"]
[Black "Tsoganova, Monika"]
[Result "1-0"]
[WhiteElo "2382"]
[BlackElo "2185"]
[EventDate "2007.04.03"]
[PlyCount "71"]

1.d4 Nf6 2.c4 g6 3.Nc3 Bg7 4.e4 d6 5.Bd3 O-O 6.Nge2 Nc6 7.O-O Nd7 8.Bc2 e5
9.d5 Nb4 10.Bb1 Nb6 11.a3 Na6 12.b3 c6 13.Bb2 Qe7 14.Bc2 f5 15.exf5 Bxf5 
16.Bxf5 gxf5 17.Re1 Nc5 18.b4 Ne4 19.Nxe4 fxe4 20.dxc6 bxc6 21.c5 Nc4 22.
cxd6 Qf7 23.Qb3 Nxb2 24.Qxb2 Qxf2+ 25.Kh1 Kh8 26.Qc1 e3 27.Ng3 Bh6 28.Qc5 
Bf4 29.Re2 Bxg3 30.Rxf2 Bxf2 31.Qxe5+ Kg8 32.Qg5+ Kh8 33.Qe5+ Kg8 34.d7 
Rad8 35.Rd1 a6 36.Rd4 1-0

[Event "8th EUR-ch (w)"]
[Site "Dresden GER"]
[Date "2007.04.03"]
[Round "1"]
[White "Vasilevich, Irina"]
[Black "Pertlova, Sona"]
[Result "1-0"]
[WhiteElo "2380"]
[BlackElo "2171"]
[EventDate "2007.04.03"]
[PlyCount "117"]

1.e4 d5 2.exd5 Nf6 3.d4 Nxd5 4.Nf3 Bg4 5.c4 Nb6 6.c5 N6d7 7.Bc4 e6 8.Be3 
Nc6 9.h3 Bxf3 10.Qxf3 Qf6 11.Qd1 O-O-O 12.Nd2 Nxd4 13.Ne4 Qg6 14.Qxd4 Nxc5
15.Qxd8+ Kxd8 16.O-O-O+ Nd7 17.Bd3 f5 18.Ng5 h6 19.Nf3 Bd6 20.g4 Qf7 21.
Bc4 Re8 22.gxf5 Qxf5 23.Nd4 Qf6 24.Rhe1 a6 25.Nxe6+ Kc8 26.Bd4 Be5 27.Kb1 
Bxd4 28.Nxd4 Rxe1 29.Rxe1 Ne5 30.Bb3 Qxf2 31.Rd1 Kb8 32.Ne6 Qf5+ 33.Ka1 
Nc6 34.h4 Qg4 35.Rf1 a5 36.a3 a4 37.Bd5 Ka7 38.Nxc7 Qe2 39.Rf7 Ne7 40.Be6 
Qe1+ 41.Ka2 Qxh4 42.Rxg7 Kb6 43.Rxe7 h5 44.Rf7 Qe1 45.Nd5+ Kc6 46.Nb4+ Kd6
47.Bc8 Qe4 48.Rd7+ Kc5 49.Nd3+ Kb6 50.Rxb7+ Ka5 51.Ra7+ Kb6 52.Rb7+ Ka5 
53.b4+ axb3+ 54.Rxb3 Qc4 55.Bd7 h4 56.Nb2 Qf7 57.Bh3 Qd5 58.Bf1 Qd2 59.
Rb5+ 1-0

[Event "8th EUR-ch (w)"]
[Site "Dresden GER"]
[Date "2007.04.03"]
[Round "1"]
[White "Atnilov, Bela"]
[Black "Kachiani-Gersinska, Ketino"]
[Result "0-1"]
[WhiteElo "2164"]
[BlackElo "2375"]
[EventDate "2007.04.03"]
[PlyCount "114"]

1.e4 c6 2.d4 g6 3.Nf3 Bg7 4.Nc3 d6 5.Bd3 Nf6 6.O-O O-O 7.h3 a5 8.Be3 Na6 
9.a3 Nc7 10.Qd2 b5 11.Bh6 b4 12.axb4 axb4 13.Ne2 c5 14.Bxg7 Kxg7 15.dxc5 
Rxa1 16.Rxa1 dxc5 17.Qe3 Ne6 18.Bc4 Qb6 19.e5 Ne8 20.Nf4 N8c7 21.Nxe6+ 
Bxe6 22.Bxe6 Nxe6 23.Ng5 Nd4 24.Qe4 h6 25.Nf3 Ne6 26.Rd1 Rd8 27.Rd3 Qa5 
28.Rxd8 Qxd8 29.Qe2 Qd5 30.Qd2 Qe4 31.Kh2 g5 32.b3 Nd4 33.Nxd4 Qxe5+ 34.
Kg1 Qxd4 35.Qe2 e6 36.g3 Kg6 37.Qf3 h5 38.Qa8 Qd1+ 39.Kh2 Kg7 40.Qe4 Qd5 
41.Qe2 Kg6 42.Qe3 Qd4 43.Qf3 h4 44.Qe2 hxg3+ 45.fxg3 e5 46.Qa6+ Kg7 47.Qe2
e4 48.Qg4 Qd2+ 49.Kh1 Qc1+ 50.Kh2 Qxc2+ 51.Kg1 Qc1+ 52.Kg2 Qd2+ 53.Kg1 
Qe3+ 54.Kh2 Qf2+ 55.Kh1 Qf3+ 56.Qxf3 exf3 57.Kg1 c4 0-1

[Event "8th EUR-ch (w)"]
[Site "Dresden GER"]
[Date "2007.04.03"]
[Round "1"]
[White "Khudaverdieva, Afag"]
[Black "Atalik, Ekaterina"]
[Result "0-1"]
[WhiteElo "2163"]
[BlackElo "2374"]
[EventDate "2007.04.03"]
[PlyCount "78"]

1.d4 Nf6 2.c4 e6 3.Nc3 Bb4 4.Qc2 O-O 5.Bg5 c5 6.dxc5 Na6 7.a3 Bxc3+ 8.Qxc3
Nxc5 9.Bxf6 Qxf6 10.Qxf6 gxf6 11.e3 a5 12.Nf3 b6 13.Be2 a4 14.Nd4 Ba6 15.
O-O Rfc8 16.Rac1 Nb7 17.Rc3 Na5 18.Rfc1 Rc5 19.b4 axb3 20.Nxb3 Nxb3 21.
Rxb3 b5 22.Rbc3 Rac8 23.e4 bxc4 24.Rd1 R8c7 25.Rd6 R5c6 26.Rd1 Kf8 27.f4 
Bb5 28.Kf2 Ba4 29.Rd4 Bb3 30.Ke3 Ke7 31.e5 fxe5 32.fxe5 Rc5 33.Ke4 Ba2 34.
Rd1 Ra7 35.Re1 Raa5 36.Bxc4 Bxc4 37.Rxc4 Rxe5+ 38.Kf4 Rf5+ 39.Kg4 Rxa3 0-1

[Event "8th EUR-ch (w)"]
[Site "Dresden GER"]
[Date "2007.04.03"]
[Round "1"]
[White "Sudakova, Irina"]
[Black "Vogel, Heike"]
[Result "0-1"]
[WhiteElo "2371"]
[BlackElo "2156"]
[EventDate "2007.04.03"]
[PlyCount "70"]

1.e4 d5 2.exd5 Nf6 3.Bb5+ Bd7 4.Be2 Nxd5 5.d4 g6 6.c4 Nb6 7.Nc3 Bg7 8.c5 
Bc6 9.cxb6 Bxg2 10.Bf3 Bxh1 11.Bxh1 axb6 12.Nge2 Nc6 13.Nb5 O-O 14.Be3 Qd7
15.Nec3 Na7 16.Nxa7 Rxa7 17.Qd2 Rd8 18.Bf3 Qh3 19.Qe2 e5 20.O-O-O exd4 21.
Bxd4 Bxd4 22.Rxd4 Rxd4 23.Qe8+ Kg7 24.Qe5+ Kh6 25.Qe3+ g5 26.Qxd4 Qxf3 27.
Qd8 Qf4+ 28.Kb1 Qd6 29.Qe8 Ra5 30.Qxf7 Qg6+ 31.Qxg6+ Kxg6 32.Kc2 Rf5 33.
Ne4 Rf4 34.Kd3 Rh4 35.a4 Rxh2 0-1

[Event "8th EUR-ch (w)"]
[Site "Dresden GER"]
[Date "2007.04.03"]
[Round "1"]
[White "Van Weersel, Arlette"]
[Black "Dworakowska, Joanna"]
[Result "1/2-1/2"]
[WhiteElo "2156"]
[BlackElo "2363"]
[EventDate "2007.04.03"]
[PlyCount "65"]

1.e4 c5 2.c4 Nc6 3.Ne2 Nf6 4.Nbc3 e6 5.d4 cxd4 6.Nxd4 Bb4 7.Nxc6 bxc6 8.
Bd3 e5 9.O-O O-O 10.Ne2 Bc5 11.a3 a5 12.Qc2 Qe7 13.Ng3 Bb7 14.Bg5 h6 15.
Nf5 Qe6 16.Bd2 a4 17.Rae1 d6 18.Kh1 Nh5 19.Qd1 Nf6 20.f4 Kh8 21.Qf3 Nh7 
22.Bc3 Rg8 23.Qg3 f6 24.Qg6 Qe8 25.Nh4 Nf8 26.Qg3 Ba6 27.Qh3 Ra7 28.g4 Ng6
29.Nf5 Qd8 30.Qh5 Qe8 31.Qh3 Qd8 32.Qh5 Qe8 33.Qh3 1/2-1/2

[Event "8th EUR-ch (w)"]
[Site "Dresden GER"]
[Date "2007.04.03"]
[Round "1"]
[White "Shmirina, Evgenija"]
[Black "Vozovic, Oksana"]
[Result "0-1"]
[WhiteElo "2112"]
[BlackElo "2356"]
[EventDate "2007.04.03"]
[PlyCount "109"]

1.e4 g6 2.d4 Bg7 3.Be3 d5 4.exd5 Qxd5 5.Nc3 Qa5 6.Nf3 Nh6 7.Bc4 Nd7 8.Qd2 
Nf5 9.Nd5 Qxd2+ 10.Bxd2 Kd8 11.c3 Nd6 12.Bb3 e6 13.Nf4 Ke7 14.Nd3 b6 15.
Nde5 Bb7 16.O-O Rhc8 17.Nxd7 Kxd7 18.Ne5+ Ke7 19.Rfe1 c5 20.dxc5 bxc5 21.
Rad1 c4 22.Ba4 f6 23.Nf3 Bxf3 24.gxf3 Rab8 25.Bc1 Rd8 26.Re2 Nf7 27.Rxd8 
Rxd8 28.Rd2 Nd6 29.b3 f5 30.Ba3 Be5 31.bxc4 h5 32.Kg2 Rc8 33.c5 Nc4 34.
Rd7+ Kf6 35.Bc1 a5 36.h4 f4 37.Bb3 Rxc5 38.Bxc4 Rxc4 39.Ba3 Bxc3 40.Be7+ 
Kf5 41.Rd8 e5 42.Bg5 Ke6 43.Re8+ Kf7 44.Re7+ Kf8 45.Ra7 Bd4 46.Rxa5 Rc2 
47.Ra3 Rxf2+ 48.Kh1 Kf7 49.Rd3 Be3 50.Rd7+ Ke6 51.Re7+ Kd6 52.Rg7 Rxf3 53.
Rxg6+ Kd5 54.Bf6 e4 55.Rg5+ 0-1

[Event "8th EUR-ch (w)"]
[Site "Dresden GER"]
[Date "2007.04.03"]
[Round "1"]
[White "Schone, Maria"]
[Black "Mamedyarova, Zeinab"]
[Result "0-1"]
[WhiteElo "2151"]
[BlackElo "2354"]
[EventDate "2007.04.03"]
[PlyCount "100"]

1.e4 c5 2.Nf3 Nc6 3.d4 cxd4 4.Nxd4 Nf6 5.Nc3 e5 6.Ndb5 d6 7.Bg5 a6 8.Na3 
Be7 9.Nc4 Be6 10.Bxf6 gxf6 11.Ne3 O-O 12.Qh5 Kh8 13.O-O-O Rg8 14.h4 Bf8 
15.Kb1 Rg6 16.Nf5 Nd4 17.Bd3 Qa5 18.g4 Rc8 19.Nd5 Nxf5 20.gxf5 Bxd5 21.
exd5 Rg7 22.Qf3 Be7 23.Rhg1 Rcg8 24.Rxg7 Rxg7 25.Be4 Qd8 26.a4 Qd7 27.b3 
Bd8 28.Qe3 Ba5 29.c3 Rg4 30.Qf3 Rg8 31.Kb2 Rc8 32.b4 Bd8 33.Rg1 Qe8 34.Qg4
Qf8 35.f4 Rc4 36.fxe5 dxe5 37.Kb3 Rc8 38.d6 Bb6 39.Rg2 Rb8 40.c4 Bd4 41.d7
a5 42.bxa5 Rd8 43.Bxb7 Rxd7 44.a6 Bb6 45.Bd5 Rd8 46.Ka2 Bd4 47.Rd2 Qb4 48.
Rg2 Qxa4+ 49.Kb1 Qb3+ 50.Kc1 Be3+ 0-1

[Event "8th EUR-ch (w)"]
[Site "Dresden GER"]
[Date "2007.04.03"]
[Round "1"]
[White "Sokalskaya, Elena"]
[Black "Zawadzka, Jolanta"]
[Result "0-1"]
[WhiteElo "2147"]
[BlackElo "2348"]
[EventDate "2007.04.03"]
[PlyCount "140"]

1.d4 Nf6 2.Nf3 g6 3.c4 Bg7 4.Nc3 d6 5.g3 O-O 6.Bg2 a6 7.O-O Nc6 8.a3 Rb8 
9.b4 e5 10.dxe5 Ng4 11.Bg5 Qe8 12.Nd5 Ngxe5 13.Rc1 f6 14.Bf4 Qf7 15.Ne1 
Be6 16.e4 Rfd8 17.h3 Ne7 18.Nd3 c6 19.Nb6 Nxc4 20.Nxc4 Bxc4 21.Re1 Rbc8 
22.Nb2 Bb3 23.Qe2 g5 24.Be3 Ng6 25.Bb6 Re8 26.Qd2 Bf8 27.Bf1 Be6 28.Nc4 d5
29.exd5 Bxd5 30.Ne3 Ne5 31.Bg2 Bxg2 32.Kxg2 Qg6 33.Nc4 Nd3 34.Rxe8 Rxe8 
35.Rc3 Ne1+ 36.Kf1 Qe4 37.Re3 Qxc4+ 38.Kxe1 Rxe3+ 39.Bxe3 a5 40.bxa5 Bxa3 
41.Qd8+ Kg7 42.Qd7+ Qf7 43.Qg4 Qe7 44.Kf1 Bb4 45.h4 h6 46.hxg5 hxg5 47.Bd4
Kg6 48.Bb6 Qe1+ 49.Kg2 f5 50.Qh3 Qe5 51.Kg1 Bxa5 52.Bxa5 Qxa5 53.Qh8 Qe1+ 
54.Kg2 Qe4+ 55.Kg1 b5 56.Qg8+ Kf6 57.Qh8+ Ke6 58.Qh6+ Kd5 59.Qxg5 b4 60.
Qd2+ Kc4 61.Qc1+ Kb5 62.Qf1+ Qc4 63.Qb1 b3 64.Qxf5+ Ka4 65.Qb1 Qd4 66.Qg6 
c5 67.g4 b2 68.Qa6+ Kb4 69.Qb7+ Kc3 70.Qf3+ Qd3 0-1

[Event "8th EUR-ch (w)"]
[Site "Dresden GER"]
[Date "2007.04.03"]
[Round "1"]
[White "Vasilkova, Svetlana"]
[Black "Lauterbach, Ingrid"]
[Result "1-0"]
[WhiteElo "2346"]
[BlackElo "2142"]
[EventDate "2007.04.03"]
[PlyCount "75"]

1.e4 d6 2.d4 g6 3.Nc3 c6 4.Be3 Qb6 5.Rb1 Bg7 6.h3 Nd7 7.Nf3 Qc7 8.Qd2 Ngf6
9.Bd3 O-O 10.O-O e5 11.Bh6 Re8 12.Rfe1 Nf8 13.Ne2 Ne6 14.c3 Bh8 15.Ng3 Ng7
16.Bc2 Be6 17.Rbd1 Ngh5 18.Nf5 exd4 19.N3xd4 d5 20.Nxe6 Rxe6 21.g4 Ng7 22.
e5 Nd7 23.f4 Rae8 24.c4 Nb6 25.Ne3 Nxc4 26.Nxc4 dxc4 27.Qf2 Qb6 28.Qxb6 
axb6 29.Bg5 Ra8 30.a3 Ree8 31.f5 gxf5 32.gxf5 Nh5 33.f6 Ra5 34.Kf2 c3 35.
Rd7 Rd5 36.Rxd5 cxd5 37.bxc3 Ra8 38.Rg1 1-0

[Event "8th EUR-ch (w)"]
[Site "Dresden GER"]
[Date "2007.04.03"]
[Round "1"]
[White "Fuchs, Judith"]
[Black "Pokorna, Regina"]
[Result "0-1"]
[WhiteElo "2132"]
[BlackElo "2343"]
[EventDate "2007.04.03"]
[PlyCount "64"]

1.e4 e5 2.Nf3 Nc6 3.Bc4 Bc5 4.c3 d6 5.d3 Nf6 6.Bb3 a6 7.O-O Ba7 8.Nbd2 h6 
9.Nc4 O-O 10.Re1 Nh5 11.Ne3 Nf4 12.Nd5 Nxd5 13.Bxd5 Ne7 14.Bb3 Ng6 15.Be3 
Qf6 16.h3 Nf4 17.Nh2 Qg5 18.Bxf4 Qxf4 19.Qf3 Qg5 20.Ng4 Kh8 21.Ne3 f5 22.
Re2 c6 23.exf5 Bxf5 24.Nxf5 Rxf5 25.Qg4 Qf6 26.Rf1 Rf8 27.d4 Rf4 28.Qh5 
Rh4 29.dxe5 Qxf2+ 30.Rfxf2 Rxh5 31.e6 Rxf2 32.Rxf2 Rf5 0-1

[Event "8th EUR-ch (w)"]
[Site "Dresden GER"]
[Date "2007.04.03"]
[Round "1"]
[White "Calzetta Ruiz, Monica"]
[Black "Rolli, Corinne"]
[Result "1-0"]
[WhiteElo "2340"]
[BlackElo "2009"]
[EventDate "2007.04.03"]
[PlyCount "47"]

1.e4 c5 2.Nc3 e6 3.Nf3 a6 4.d4 cxd4 5.Nxd4 Qc7 6.Bd3 Nf6 7.O-O Nc6 8.Nxc6 
dxc6 9.a4 h5 10.h3 Bc5 11.Qf3 Ng4 12.Bf4 e5 13.Bg5 f6 14.Bd2 g5 15.Bc4 Qe7
16.a5 Bd7 17.Na4 O-O-O 18.Nxc5 Qxc5 19.Qb3 Nh6 20.Be3 Qe7 21.Qb6 f5 22.Bc5
Qf6 23.Bxa6 bxa6 24.Qxa6+ 1-0

[Event "8th EUR-ch (w)"]
[Site "Dresden GER"]
[Date "2007.04.03"]
[Round "1"]
[White "Zdebskaya, Natalia"]
[Black "Schulz, Stefanie"]
[Result "1-0"]
[WhiteElo "2335"]
[BlackElo "2117"]
[EventDate "2007.04.03"]
[PlyCount "57"]

1.e4 c5 2.Nc3 g6 3.Nf3 Bg7 4.d4 cxd4 5.Nxd4 Nc6 6.Nde2 Nf6 7.g3 O-O 8.Bg2 
d6 9.O-O a5 10.a4 Nb4 11.h3 Be6 12.Be3 Qd7 13.Kh2 Rfc8 14.f4 Bc4 15.Re1 e6
16.Qd2 d5 17.e5 Ne8 18.Nd4 Nc7 19.g4 Ba6 20.Bf2 b5 21.f5 bxa4 22.Nxa4 Rcb8
23.Nc5 Qe8 24.fxe6 fxe6 25.c3 Nc6 26.Ndxe6 Nxe6 27.Nxe6 Ne7 28.Nxg7 Kxg7 
29.e6 1-0

[Event "8th EUR-ch (w)"]
[Site "Dresden GER"]
[Date "2007.04.03"]
[Round "1"]
[White "Winkelmann, Elena"]
[Black "Celuskina, Irina"]
[Result "0-1"]
[WhiteElo "2114"]
[BlackElo "2332"]
[EventDate "2007.04.03"]
[PlyCount "156"]

1.Nf3 c5 2.c4 Nc6 3.d4 cxd4 4.Nxd4 d6 5.e4 e5 6.Nb3 Nf6 7.Nc3 Be7 8.Be2 
O-O 9.O-O Be6 10.Be3 Rc8 11.f3 Nh5 12.Qd2 Nf4 13.Nd5 Nxe2+ 14.Qxe2 Bg5 15.
Bxg5 Qxg5 16.Rfd1 f5 17.Qd2 Qxd2 18.Rxd2 fxe4 19.fxe4 Bxd5 20.cxd5 Nb8 21.
Rc1 Rxc1+ 22.Nxc1 Nd7 23.Ne2 b5 24.Nc3 a6 25.Rf2 Rc8 26.a3 Rc5 27.Re2 a5 
28.a4 bxa4 29.Nxa4 Rc4 30.Nc3 Nc5 31.h3 a4 32.Re3 Rb4 33.Re2 Kf8 34.Kh2 
Ke7 35.g3 h5 36.Kg2 Nd3 37.Nd1 h4 38.Kf3 hxg3 39.Kxg3 Nf4 40.Re3 Nh5+ 41.
Kf3 Nf6 42.Re2 Nd7 43.Kg4 Nc5 44.Nf2 Kf6 45.h4 Rd4 46.Kf3 Kg6 47.Kg4 Rc4 
48.h5+ Kf6 49.Kh4 Kf7 50.Kg5 Rc1 51.Kg4 Nd7 52.Nh3 Nf6+ 53.Kh4 Rh1 54.Re3 
Rh2 55.Ra3 Rg2 56.Ng5+ Ke7 57.Ne6 Rg4+ 58.Kh3 Rxe4 59.Nxg7 Nxd5 60.h6 Kf7 
61.Nf5 Nf4+ 62.Kg4 Kg6 63.Nxd6 Rb4 64.h7 Ne6+ 65.Kf3 Kxh7 66.Ra2 Kg6 67.
Ke3 Nc5 68.Nc8 Kf6 69.Na7 Rb7 70.Ra1 Rxb2 71.Nc6 Rb3+ 72.Ke2 a3 73.Na5 
Rb2+ 74.Ke3 a2 75.Nc4 Rh2 76.Nd2 Rxd2 77.Rf1+ Ke6 78.Kxd2 a1=Q 0-1

[Event "8th EUR-ch (w)"]
[Site "Dresden GER"]
[Date "2007.04.03"]
[Round "1"]
[White "Klinova, Masha"]
[Black "Cherednichenko, Elena"]
[Result "1/2-1/2"]
[WhiteElo "2330"]
[BlackElo "2091"]
[EventDate "2007.04.03"]
[PlyCount "116"]

1.e4 e6 2.Nf3 d5 3.Nc3 dxe4 4.Nxe4 Nd7 5.d4 Ngf6 6.Nxf6+ Nxf6 7.Be2 c5 8.
O-O Be7 9.dxc5 Qxd1 10.Rxd1 Bxc5 11.Ne5 Ne4 12.Nd3 Be7 13.Be3 O-O 14.a4 a5
15.Ne5 Bc5 16.Bxc5 Nxc5 17.Nc4 f6 18.Nb6 Rb8 19.Bc4 Kf7 20.c3 Ke7 21.b4 
axb4 22.cxb4 Nd7 23.Nxc8+ Rfxc8 24.Bb5 Nb6 25.Bd3 Rc3 26.a5 Nd5 27.b5 Ra8 
28.g3 Rc5 29.a6 bxa6 30.bxa6 Nb4 31.Bf1 Rc6 32.Rdb1 Nd5 33.Rb7+ Rc7 34.
Rab1 Kd6 35.h4 g6 36.Rxc7 Nxc7 37.Rb7 h5 38.a7 g5 39.Bg2 Nd5 40.Rh7 gxh4 
41.gxh4 Kc6 42.Kf1 f5 43.Bf3 Kc5 44.Rf7 Kd6 45.Ke1 e5 46.Bxh5 Nc7 47.Rf6+ 
Ke7 48.Rxf5 Rxa7 49.Rxe5+ Kf6 50.Re4 Nd5 51.Kf1 Kf5 52.Rd4 Nf4 53.Bd1 Ke5 
54.Rd2 Rh7 55.h5 Nxh5 56.Ra2 Nf4 57.Ra5+ Kd4 58.Ke1 Nd3+ 1/2-1/2

[Event "8th EUR-ch (w)"]
[Site "Dresden GER"]
[Date "2007.04.03"]
[Round "1"]
[White "Bakalarz, Grazyna"]
[Black "Repkova, Eva"]
[Result "0-1"]
[WhiteElo "2081"]
[BlackElo "2328"]
[EventDate "2007.04.03"]
[PlyCount "110"]

1.d4 d5 2.Nf3 e6 3.Bg5 f6 4.Bf4 Bd6 5.e3 Ne7 6.c4 Bxf4 7.exf4 Qd6 8.Qd2 
Ng6 9.g3 Nc6 10.Nc3 a6 11.h4 O-O 12.c5 Qd8 13.Bg2 Re8 14.O-O Na7 15.Rfe1 
Nb5 16.a4 Nxc3 17.Qxc3 c6 18.b4 Bd7 19.h5 Nf8 20.Re3 a5 21.Bf1 axb4 22.
Qxb4 Qc7 23.a5 Reb8 24.Be2 Be8 25.Nd2 Bf7 26.Nb3 Nd7 27.Re1 Re8 28.Bg4 f5 
29.Bf3 Nf6 30.Re5 Qd7 31.h6 gxh6 32.Kg2 Bh5 33.Bxh5 Nxh5 34.Rh1 Qf7 35.Qe1
Qg6 36.Rh4 Ng7 37.Qb4 Re7 38.Qb6 Nh5 39.Nd2 Nf6 40.Re3 Ra6 41.Qb4 Ng4 42.
Rb3 Rg7 43.Qc3 Kh8 44.Rh3 Ra8 45.Nf3 Qf7 46.Qe1 Rag8 47.Ne5 Qf6 48.Qb1 
Nxe5 49.fxe5 Qg6 50.Rxb7 Rxb7 51.Qxb7 f4 52.Qb2 f3+ 53.Kh2 Qd3 54.Kg1 Qd1+
55.Kh2 Qf1 0-1

[Event "8th EUR-ch (w)"]
[Site "Dresden GER"]
[Date "2007.04.03"]
[Round "1"]
[White "Levushkina, Elena"]
[Black "Nagel, Verena"]
[Result "1-0"]
[WhiteElo "2327"]
[BlackElo "2079"]
[EventDate "2007.04.03"]
[PlyCount "33"]

1.e4 d6 2.d4 g6 3.Nc3 Bg7 4.f4 c5 5.dxc5 dxc5 6.Qxd8+ Kxd8 7.Be3 Bxc3+ 8.
bxc3 b6 9.Bc4 e6 10.f5 Bb7 11.fxe6 fxe6 12.Nf3 h6 13.Ne5 Rh7 14.O-O-O+ Kc7
15.Bf4 Bxe4 16.Nf7+ Kb7 17.Nd6+ 1-0

[Event "8th EUR-ch (w)"]
[Site "Dresden GER"]
[Date "2007.04.03"]
[Round "1"]
[White "Kochetkova, Yulia"]
[Black "Coimbra, Margarida"]
[Result "1-0"]
[WhiteElo "2320"]
[BlackElo "2067"]
[EventDate "2007.04.03"]
[PlyCount "69"]

1.e4 e5 2.Nf3 Nc6 3.Bb5 a6 4.Ba4 Nf6 5.O-O b5 6.Bb3 Bc5 7.d3 d6 8.c3 h6 9.
h3 O-O 10.Be3 Bxe3 11.fxe3 Na5 12.Bc2 c5 13.Nbd2 Nc6 14.Qe2 Qe7 15.Nh4 
Nxe4 16.Nxe4 Qxh4 17.Nxd6 Be6 18.d4 exd4 19.Qd3 g6 20.exd4 cxd4 21.Rae1 
Bd5 22.Rf2 Rad8 23.Ne4 f5 24.Nc5 Bc4 25.Qf3 Bd5 26.Bb3 Bxb3 27.Qxc6 Bf7 
28.Nd7 Rc8 29.Qxa6 Rfd8 30.Ne5 Rc7 31.Nxf7 Kxf7 32.Qe6+ Kf8 33.Qxg6 Rf7 
34.Ref1 Rd5 35.Qe6 1-0

[Event "8th EUR-ch (w)"]
[Site "Dresden GER"]
[Date "2007.04.03"]
[Round "1"]
[White "Danelia, Mariam"]
[Black "Benderac, Ana"]
[Result "0-1"]
[WhiteElo "2056"]
[BlackElo "2314"]
[EventDate "2007.04.03"]
[PlyCount "88"]

1.d4 f5 2.Nc3 d5 3.Bf4 c6 4.e3 Nf6 5.f3 e6 6.Bd3 Nh5 7.Bxb8 Rxb8 8.Nge2 
Bd6 9.O-O O-O 10.e4 f4 11.e5 Bc7 12.b4 Qe7 13.a3 b6 14.Na4 c5 15.c3 c4 16.
Bc2 Bd7 17.Qd2 g5 18.Nb2 Kh8 19.Nd1 Rg8 20.Nf2 Be8 21.Ng4 Bg6 22.Rae1 Rbf8
23.Nf2 Rg7 24.Kh1 Bxc2 25.Qxc2 Rg6 26.Ng4 Bd8 27.Ng1 Qf7 28.Qe2 Ng7 29.Rb1
h5 30.Nf2 Nf5 31.Rfc1 Qg7 32.Ngh3 Nh4 33.Qd2 Qh6 34.Qe2 g4 35.fxg4 hxg4 
36.Nxg4 Qh5 37.Nhf2 f3 38.gxf3 Nxf3 39.h3 Bh4 40.Nh2 Bxf2 41.Qxf2 Rf5 42.
Rf1 Qxh3 43.Qe2 Nxh2 44.Qxh2 Qxh2+ 0-1

[Event "8th EUR-ch (w)"]
[Site "Dresden GER"]
[Date "2007.04.03"]
[Round "1"]
[White "Burtasova, Anna"]
[Black "Norinkeviciute, Rasa"]
[Result "1-0"]
[WhiteElo "2314"]
[BlackElo "2048"]
[EventDate "2007.04.03"]
[PlyCount "61"]

1.e4 g6 2.d4 Bg7 3.Nc3 d6 4.f4 a6 5.Nf3 Nd7 6.Bd3 b5 7.O-O c5 8.d5 Nh6 9.
e5 O-O 10.Kh1 Nb6 11.a4 b4 12.a5 bxc3 13.axb6 cxb2 14.Bxb2 Qxb6 15.Rb1 Qc7
16.Qe2 a5 17.Ng5 Bg4 18.Qe1 Bc8 19.Qh4 c4 20.exd6 exd6 21.Bxg7 Kxg7 22.Be4
Rh8 23.f5 gxf5 24.Qg3 Kf8 25.Qc3 Kg8 26.Bf3 Qe7 27.Rbe1 Qf8 28.Bh5 Bd7 29.
Qg3 Qg7 30.Re7 Be8 31.Rfe1 1-0

[Event "8th EUR-ch (w)"]
[Site "Dresden GER"]
[Date "2007.04.03"]
[Round "1"]
[White "Sautter, Elke"]
[Black "Muhren, Bianca"]
[Result "1/2-1/2"]
[WhiteElo "2046"]
[BlackElo "2311"]
[EventDate "2007.04.03"]
[PlyCount "97"]

1.e4 c5 2.Nc3 d6 3.f4 Nc6 4.Nf3 g6 5.Bb5 Bd7 6.d3 Bg7 7.O-O Nd4 8.Bxd7+ 
Qxd7 9.Ne2 Nxf3+ 10.Rxf3 f5 11.Nc3 Nh6 12.Qe2 O-O 13.Bd2 Rae8 14.Raf1 b5 
15.Nd1 e6 16.Bc3 Bxc3 17.Nxc3 d5 18.h3 b4 19.Nd1 Qa4 20.exd5 exd5 21.Re3 
d4 22.Re6 Nf7 23.Rf2 Qd7 24.Rxe8 Rxe8 25.Qf3 Qe6 26.b3 Qe1+ 27.Kh2 h5 28.
Rf1 Qe6 29.Nb2 Kg7 30.Na4 Qd6 31.Kg1 Nd8 32.Nb2 Re3 33.Qf2 Qe6 34.Qh4 Nc6 
35.Nc4 Re2 36.Rf2 Re1+ 37.Rf1 Re2 38.Rf2 Re1+ 39.Rf1 Rxf1+ 40.Kxf1 Ne7 41.
Qf2 Nd5 42.g3 Nc3 43.a4 bxa3 44.Nxa3 Qc6 45.Kg1 Qa6 46.Qe1 Kh6 47.Qe7 Qxa3
48.Qf8+ Kh7 49.Qf7+ 1/2-1/2

[Event "8th EUR-ch (w)"]
[Site "Dresden GER"]
[Date "2007.04.03"]
[Round "1"]
[White "Velikhanli, Firuza"]
[Black "Sokalska, Viktorija"]
[Result "1/2-1/2"]
[WhiteElo "2310"]
[BlackElo "2045"]
[EventDate "2007.04.03"]
[PlyCount "140"]

1.e4 c6 2.d3 d5 3.Nd2 dxe4 4.dxe4 Nf6 5.Ngf3 Bg4 6.Be2 e6 7.O-O Nbd7 8.e5 
Nd5 9.Re1 Qc7 10.Nc4 b5 11.Nd6+ Bxd6 12.exd6 Qxd6 13.a4 b4 14.c4 bxc3 15.
bxc3 Qc7 16.Qd4 N5f6 17.h3 Bh5 18.a5 c5 19.Qa4 O-O 20.Bf4 Qc8 21.c4 Re8 
22.Ne5 Bxe2 23.Rxe2 Nxe5 24.Bxe5 Qb7 25.a6 Qe7 26.Rb1 Nh5 27.Rb7 Qg5 28.
Qd7 f6 29.Qf7+ Kh8 30.g4 fxe5 31.Qxh5 Qc1+ 32.Kg2 Qxc4 33.Rxe5 Qxa6 34.Qf7
Qc6+ 35.f3 Rg8 36.Rxe6 Qd5 37.Rd7 Qa2+ 38.Kg3 Raf8 39.Qe7 Qb3 40.Re3 Qb1 
41.Re1 Qb8+ 42.Qe5 a5 43.Qxb8 Rxb8 44.Ra7 Rb3 45.Ree7 h6 46.Rf7 Rb5 47.h4 
c4 48.Rfc7 Rb3 49.Rxc4 Rf8 50.Rf4 Rxf4 51.Kxf4 Ra3 52.Ke4 a4 53.h5 Kg8 54.
f4 Ra1 55.Kf5 Kh7 56.Ra8 a3 57.Ra7 Ra2 58.Ra4 Ra1 59.Ra8 Ra2 60.g5 hxg5 
61.fxg5 Rf2+ 62.Kg4 Rg2+ 63.Kf4 Rf2+ 64.Kg3 Ra2 65.Ra7 Ra1 66.h6 a2 67.Kg2
Rb1 68.Rxa2 gxh6 69.Ra7+ Kg6 70.gxh6 Kxh6 1/2-1/2

[Event "8th EUR-ch (w)"]
[Site "Dresden GER"]
[Date "2007.04.03"]
[Round "1"]
[White "Wilson, Alexandra"]
[Black "Rudolf, Anna"]
[Result "0-1"]
[WhiteElo "2034"]
[BlackElo "2301"]
[EventDate "2007.04.03"]
[PlyCount "86"]

1.e4 e6 2.d4 d5 3.e5 c5 4.c3 Nc6 5.Nf3 Qb6 6.a3 c4 7.g3 Bd7 8.Bh3 Na5 9.
Nbd2 Ne7 10.O-O O-O-O 11.Rb1 h6 12.Ne1 Kb8 13.b4 cxb3 14.Nd3 Nc8 15.Qf3 
Bb5 16.Nxb3 Nxb3 17.Rxb3 Qa6 18.Nb4 Bxb4 19.Rxb4 Bxf1 20.Bxf1 Qc6 21.c4 
Qc7 22.c5 Ka8 23.Bd2 Rdf8 24.Ra4 f6 25.Ba5 Qf7 26.exf6 Qxf6 27.Qxf6 Rxf6 
28.Bc7 Rf3 29.Kg2 Rhf8 30.Bf4 Rb3 31.h4 Rb2 32.Rb4 Rc2 33.Bb5 g5 34.hxg5 
hxg5 35.Be3 Ne7 36.Bd3 Ra2 37.Bb1 Rxa3 38.Bxg5 Nc6 39.Rb2 Nxd4 40.Be3 Nf5 
41.Bf4 Rc3 42.Be5 Rxc5 43.g4 Rg8 0-1

[Event "8th EUR-ch (w)"]
[Site "Dresden GER"]
[Date "2007.04.03"]
[Round "1"]
[White "Fakhiridou, Ekaterini"]
[Black "Steil-Antoni, Fiona"]
[Result "1-0"]
[WhiteElo "2299"]
[BlackElo "2018"]
[EventDate "2007.04.03"]
[PlyCount "138"]

1.e4 e5 2.Nf3 Nc6 3.Nc3 Nf6 4.g3 Bc5 5.Bg2 d6 6.O-O a6 7.d3 O-O 8.Be3 h6 
9.d4 exd4 10.Nxd4 Ne5 11.Nf5 Be6 12.Qc1 Bxe3 13.Nxe3 c6 14.Rd1 Qc7 15.h3 
Rad8 16.b3 Bc8 17.a4 g6 18.a5 Kg7 19.Qb2 Ned7 20.Rd2 Rfe8 21.Rad1 Qxa5 22.
Nc4 Qc7 23.Nxd6 Rf8 24.f4 Kh7 25.e5 Nh5 26.Ne2 Qb6+ 27.Kh2 Nc5 28.Qc3 Be6 
29.b4 Nd7 30.Nd4 Ng7 31.Nxe6 fxe6 32.Qd4 Qc7 33.Qe4 Nb6 34.c4 Nf5 35.g4 
Nxd6 36.exd6 Qf7 37.Rd4 Nd7 38.Re1 Rde8 39.Rf1 Qg7 40.Rdd1 Qc3 41.c5 Nf6 
42.Qd4 Qxd4 43.Rxd4 Nd5 44.f5 gxf5 45.Bxd5 exd5 46.Rxf5 Rxf5 47.gxf5 Kg7 
48.Rh4 Kf6 49.Rf4 Rg8 50.Rf2 Ke5 51.f6 Rf8 52.f7 Ke6 53.Re2+ Kf6 54.Kg3 
Rxf7 55.Kf4 Rd7 56.h4 Rg7 57.Re8 h5 58.Ke3 Rh7 59.Kd4 Rg7 60.Rh8 Ke6 61.
Rxh5 Rg4+ 62.Kc3 Rg7 63.Rh6+ Ke5 64.Rh8 d4+ 65.Kc4 b5+ 66.cxb6 Kxd6 67.
Rd8+ Ke5 68.Rxd4 Rb7 69.Kc5 Rh7 1-0